| 000 | 01113nam a22003137a 4500 | ||
|---|---|---|---|
| 001 | 10134 | ||
| 003 | FISKH | ||
| 005 | 20260428100053.0 | ||
| 008 | 260423b cb ||||| |||| 00| 0 eng d | ||
| 020 | _a9780462004518 | ||
| 040 |
_aFISKH _beng _cFISKH _dFISKH |
||
| 050 | _aPZ7 | ||
| 082 | _a823.92 | ||
| 100 |
_aSmith, Bob _eAuthor |
||
| 245 |
_aThe flowers / _cWritten by Bob Smith ; photographed by Sasha Charles |
||
| 250 | _aFirst published 2008 | ||
| 260 |
_aLondon : _bMarsahall Cavendish Education , _c2008 |
||
| 300 |
_a16 pages : _bcolor illustrations ; _c16 X 19 cm |
||
| 490 |
_aMy pals are here! Reading star : _v1c |
||
| 505 | _aG | ||
| 520 | _aThe story follows a character exploring or looking at flowers. They notice different flowers, possibly their colors or types, and enjoy their beauty. The story highlights simple observation and appreciation of nature. | ||
| 521 | 8 |
_a350
_bLexile estimate |
|
| 521 | 8 |
_aG
_bRaz-Plus |
|
| 650 |
_aFlowers _vNature |
||
| 650 |
_aPlants _vColors |
||
| 700 |
_aCharles, Sasha _eIllustrator |
||
| 942 |
_2ddc _cBK _n0 |
||
| 999 |
_c10134 _d10134 |
||